000 01029nam0a22002291 4500
001 rc\2117731
005 20250623002209.0
035 _a(NLR Aleph) 006489093
090 _a6113471
_c6113471
100 _a20110829a19799999|||y0rusy50 ca
101 0 _arus
102 _aRU
105 _ay z |||||
200 1 _aАктуальные вопросы механизации сельскохозяйственного производства
_fЦелин. НИИ механизации и электрификации сел. хоз-ву (ЦелинНИИМЭСХ)
210 _aАлма-Ата
_cКайнар
_d1979-
300 _aВ надзаг. также: М-во сел. хоз-ва КазССР
801 0 _aRU
_bNLR
_gpsbo
801 1 _aRU
_bELAR
_2rusmarc
830 _aПеречень имеющихся в библиотеке томов, номеров, годов этого издания смотри в каталоге периодических изданий
852 _aNLR
_jП13/1597
942 _cBOOK
980 _aNB